Movies Quiz

Random Movies or Oscar Quiz

Movies of 2012 by Picture Quiz Stats

Quiz not verified by Sporcle

Challenge
Share
Tweet
Score 0/60 Timer 10:00
0 Plays Today
% Correct
The Hunger Games
94.7%
The Avengers
92.5%
Ted
91.9%
The Amazing Spider-Man
91.4%
The Dark Knight Rises
87.7%
Brave
87%
Life of Pi
84.5%
The Hobbit: An Unexpected Journey
83.3%
Ice Age: Continental Drift
83%
Magic Mike
82.9%
21 Jump Street
81.4%
The Lorax
79.2%
Lincoln
78.6%
Skyfall
77.7%
The Dictator
76.6%
Argo
73.2%
Silver Linings Playbook
73.1%
Django Unchained
72.2%
Battleship
68.7%
Snow White and the Huntsman
67.9%
The Grey
67.1%
Pitch Perfect
66.9%
Flight
66.8%
Dark Shadows
63.8%
The Woman in Black
62.1%
Looper
60.5%
John Carter
60.2%
The Campaign
60.2%
The Perks of Being a Wallflower
59.9%
The Cabin in the Woods
59.7%
% Correct
Frankenweenie
59.7%
The Watch
59.2%
Total Recall
58.4%
Prometheus
56.4%
American Reunion
55.6%
Les Misérables
55.2%
Project X
55.1%
Man on a Ledge
54.9%
This is 40
49.6%
That's My Boy
47%
Wrath of the Titans
42.9%
Safe House
42.8%
Zero Dark Thirty
42.8%
ParaNorman
41.6%
Seven Psychopaths
38.5%
End of Watch
37.3%
Red Tails
36.9%
Wanderlust
36.7%
Mirror Mirror
34.6%
Beasts of the Southern Wild
34%
The Lucky One
32.5%
Lawless
30.2%
Killing Them Softly
22.4%
Haywire
21.4%
Casa de Mi Padre
20.8%
Cosmopolis
19.2%
Bachelorette
16.1%
Act of Valor
15.7%
Promised Land
13%
The Raven
9.4%

You're not logged in!

Compare scores with friends on all Sporcle quizzes.
Sign Up with Email
OR
Log In

You Might Also Like...

Show Comments

Extras

Top Quizzes Today


Score Distribution

Your Account Isn't Verified!

In order to create a playlist on Sporcle, you need to verify the email address you used during registration. Go to your Sporcle Settings to finish the process.